Outlaws of the ocean: the complete book of contemporary crime on the high seas

Saved in:  
Bibliographic Details
Authors: Mueller, Gerhard O. W. 1926-2006 (Author) ; Adler, Freda 1934- (Author)
Format: Print Book
Language:English
Published: New York, NY Hearst Marine Books 1985
In:Year: 1985
Edition:1. ed.
Availability in Tübingen:Present in Tübingen.
UB: KB 17 A 651
Check availability: HBZ Gateway
Subito Delivery Service: Order now.

MARC

LEADER 00000cam a22000002c 4500
001 1650980531
003 DE-627
005 20260206194958.0
007 tu
008 900713s1985 xx ||||| 00| ||eng c
020 |a 0688041701  |9 0-688-04170-1 
035 |a (DE-627)1650980531 
035 |a (DE-603)132480913 
035 |a (DE-576)020996780 
035 |a (DE-599)BSZ020996780 
035 |a (OCoLC)11134584 
040 |a DE-627  |b ger  |c DE-627  |e rakwb 
041 |a eng 
082 0 |a 364.1/09162 
082 0 |a 364.109162  |2 DDC19oclc 
084 |a PH 8940  |2 rvk  |0 (DE-625)rvk/136527: 
100 1 |a Mueller, Gerhard O. W.  |d 1926-2006  |0 (DE-588)119206781  |0 (DE-627)69579647X  |0 (DE-576)162313233  |4 aut 
109 |a Mueller, Gerhard O. W. 1926-2006  |a Mueller, O. W. 1926-2006  |a Mueller, Gerhard O. 1926-2006  |a Müller, Gerhard O. W. 1926-2006  |a Mueller, G. O. W. 1926-2006  |a Müller, Gerhard Otto Walter 1926-2006 
245 1 0 |a Outlaws of the ocean  |b the complete book of contemporary crime on the high seas  |c G. O. W. Mueller and Freda Adler 
250 |a 1. ed. 
264 1 |a New York, NY  |b Hearst Marine Books  |c 1985 
300 |a 362 S.  |b Ill. 
336 |a Text  |b txt  |2 rdacontent 
337 |a ohne Hilfsmittel zu benutzen  |b n  |2 rdamedia 
338 |a Band  |b nc  |2 rdacarrier 
583 1 |a Archivierung prüfen  |c 20200919  |f DE-640  |z 3  |2 pdager 
700 1 |a Adler, Freda  |d 1934-  |0 (DE-588)1047266334  |0 (DE-627)777950383  |0 (DE-576)166713309  |4 aut 
935 |a MZUSA 
935 |h HEB  |i 0501 
935 |h HEB  |i 0503 
936 r v |a PH 8940  |b Ehrverletzung; Brandstiftung; Vandalismus; Sonstige Delikte  |k Rechtswissenschaft  |k Strafrecht, Strafverfahrensrecht, Kriminologie  |k Kriminologie  |k Einzelne Deliktsgruppen  |k Weitere Deliktsgruppen  |k Ehrverletzung; Brandstiftung; Vandalismus; Sonstige Delikte  |0 (DE-627)1272129497  |0 (DE-625)rvk/136527:  |0 (DE-576)202129497 
936 s n |a p100  |2 mzub 
936 s n |a m200  |2 mzub 
951 |a BO 
ELC |b 1 
LOK |0 000 xxxxxcx a22 zn 4500 
LOK |0 001 3340778760 
LOK |0 003 DE-627 
LOK |0 004 1650980531 
LOK |0 005 20000211000000 
LOK |0 008 900713||||||||||||||||ger||||||| 
LOK |0 040   |a DE-21  |c DE-627  |d DE-21 
LOK |0 852   |a DE-21 
LOK |0 852 1  |c KB 17 A 651  |9 00 
LOK |0 935   |a krim 
LOK |0 936ln  |a k1 
LOK |0 939   |a 13-07-90  |b l01 
ORI |a SA-MARC-krimdoka001.raw 
SIG |a UB: KB 17 A 651